Doba vlády Karla IV. a jeho rodiny v archivních dokumentech 20. dubna - 21. května 2006, Národní archiv - Archivní areál Chodovec

Bibliographic Details
Other Authors: Pazderová, Alena (Editor)
Format: Book
Language:Czech
English
PhysicalDescription:97 s. ilustr. (prevažne fareb.), plány, faksim. 30 cm
Published: Praha Národní archiv 2006
ISBN:8086712362 (brož.)
Subjects:

MARC

LEADER 00000nam a2200000 a 4500
001 vtls008782963
003 SK-MaSNL
005 20260301021905.0
008 060623s2006 xr hoa 000 0 cze
015 |a SNBZSA2006-00440 
020 |a 8086712362 (brož.) 
040 |a SNK  |b slo  |c SNK  |e AACR2 
041 1 |a cze  |a eng  |h cze 
043 |a e-xr---  |a e-gx--- 
044 |a xr  |c CZ 
072 7 |a 94(437)  |x Dejiny Česka a Slovenska  |2 konspekt 
080 |a 94(437):929.731  |x (083)  |2 2001 
080 |a 930.253  |x (437.3)  |2 2001 
080 |a 929.731  |2 2001 
080 |a 94(430)  |x (083)  |2 2001 
245 0 0 |a Doba vlády Karla IV. a jeho rodiny v archivních dokumentech  |b 20. dubna - 21. května 2006, Národní archiv - Archivní areál Chodovec  |c [editor katalogu Alena Pazderová] 
260 |a Praha  |b Národní archiv  |c 2006 
300 |a 97 s.  |b ilustr. (prevažne fareb.), plány, faksim.  |c 30 cm 
546 |a Text čiastočne súbež. angl. 
600 1 7 |a Karol  |b IV.,  |c český kráľ a rímsky cisár,  |d 1316-1378  |2 SNKMA  |9 194618 
600 3 7 |a Luxemburg (rod)  |2 SNKMA  |9 87770 
648 7 |a 15. storočie  |2 SNK  |9 293562 
650 0 7 |a panovníci  |2 SNKPH  |9 4132 
650 0 7 |a archívne dokumenty  |2 SNKPH  |9 78548 
651 7 |a Česko  |x dejiny  |2 SNKPHgeo  |9 58420 
651 7 |a Svätá ríša rímska  |2 SNKPHgeo  |9 84030 
655 7 |a katalógy výstav  |2 SNKPH  |9 70445 
655 7 |a obrazové publikácie  |2 SNKPH  |9 70343 
700 1 |a Pazderová, Alena  |4 edt  |9 311594 
919 |a 80-86712-36-2 
958 |a ZS 
958 |a CZ 
999 |c 566331  |d 568261 
952 |a SNK  |b SNK  |y PREZ  |7 0  |p 17A0526578  |o snkOSB 14690  |i snk2006/20338  |8 2  |g 4.32  |0 0  |1 0  |4 0  |d 2006-10-10  |l 0  |r 2026-02-23 13:58:31  |w 2026-02-23